[Event "Catalunya-chT Gp1"]
[Site "Barcelona"]
[Date "2023.02.25"]
[Round "6.6"]
[White "Ayas Fernandez, Antonio"]
[Black "Beltran Rueda, Santiago"]
[Result "1/2-1/2"]
[WhiteElo "2185"]
[BlackElo "2286"]
[PlyCount "35"]
[EventDate "2023.01.21"]
[EventType "team-tourn"]
[EventRounds "7"]
[EventCountry "ESP"]
[SourceTitle "CBM 213 Extra"]
[Source "ChessBase"]
[SourceDate "2023.05.31"]
[SourceVersion "1"]
[SourceVersionDate "2023.05.31"]
[SourceQuality "1"]
[WhiteTeam "Lira Vendrellenca"]
[BlackTeam "Foment Martinenc"]
[WhiteTeamCountry "ESP"]
[BlackTeamCountry "ESP"]

1. Nf3 d5 2. c4 e6 3. b3 Nf6 4. Bb2 Be7 5. g3 0-0 6. Bg2 c5 7. 0-0 Nc6 8. cxd5 Nxd5 9. Nc3 Bf6 10. Qc1 b6 11. Nxd5 exd5 12. d4 Nxd4 13. Nxd4 cxd4 14. Qd2 Ba6 15. Bxd4 Bxd4 16. Qxd4 Bxe2 17. Rfe1 Re8 18. Qxd5 1/2-1/2

[Event "Catalunya-chT Gp1"]
[Site "Barcelona"]
[Date "2023.02.11"]
[Round "4.5"]
[White "Beltran Rueda, Santiago"]
[Black "Hernando Rodrigo, Julio Antonio"]
[Result "1/2-1/2"]
[WhiteElo "2286"]
[BlackElo "2240"]
[PlyCount "98"]
[EventDate "2023.01.21"]
[EventType "team-tourn"]
[EventRounds "7"]
[EventCountry "ESP"]
[SourceTitle "CBM 213 Extra"]
[Source "ChessBase"]
[SourceDate "2023.05.31"]
[SourceVersion "1"]
[SourceVersionDate "2023.05.31"]
[SourceQuality "1"]
[WhiteTeam "Foment Martinenc"]
[BlackTeam "Ateneu Colon"]
[WhiteTeamCountry "ESP"]
[BlackTeamCountry "ESP"]

1. Nf3 Nf6 2. c4 g6 3. Nc3 Bg7 4. d4 d6 5. e4 0-0 6. Be2 e5 7. d5 Nbd7 8. Bg5 a5 9. Nd2 h6 10. Be3 Ne8 11. 0-0 f5 12. f3 f4 13. Bf2 g5 14. a3 Rf7 15. b4 Bf8 16. Nb3 a4 17. Nc1 Rg7 18. g4 fxg3 19. hxg3 Ndf6 20. Nd3 Bh3 21. Re1 Qe7 22. Bf1 Bxf1 23. Kxf1 Nh5 24. g4 Nf4 25. Nxf4 gxf4 26. Ke2 h5 27. gxh5 Nf6 28. h6 Rh7 29. Rg1+ Kh8 30. Bh4 Bxh6 31. Kd3 Bg7 32. Rh1 Bh6 33. Ra2 Rg8 34. Bxf6+ Qxf6 35. Rah2 Rg3 36. Rh3 Qf8 37. Qxa4 Qg8 38. Rxh6 Rxf3+ 39. Kc2 Qg2+ 40. Kb3 Rxh6 41. Rxh6+ Kg7 42. Re6 b5 43. Qa7 Rxc3+ 44. Kxc3 Qf3+ 45. Kd2 Qg2+ 46. Ke1 Qxe4+ 47. Kf2 Qc2+ 48. Kg1 Qd1+ 49. Kf2 Qc2+ 1/2-1/2

[Event "Catalunya-chT Gp1"]
[Site "Barcelona"]
[Date "2022.02.19"]
[Round "5.6"]
[White "Almeida Toledano, Daniel"]
[Black "Beltran Rueda, Santiago"]
[Result "1-0"]
[WhiteElo "2241"]
[BlackElo "2294"]
[PlyCount "97"]
[EventDate "2022.01.22"]
[EventType "team-tourn"]
[EventRounds "9"]
[EventCountry "ESP"]
[SourceTitle "CBM 208 Extra"]
[Source "ChessBase"]
[SourceDate "2022.07.31"]
[SourceVersion "1"]
[SourceVersionDate "2022.07.31"]
[SourceQuality "1"]
[WhiteTeam "Foment Martinenc"]
[BlackTeam "Barcelona Escacs CC"]
[WhiteTeamCountry "ESP"]
[BlackTeamCountry "ESP"]

1. e4 c5 2. Nf3 e6 3. g3 Nc6 4. Bg2 Nf6 5. Qe2 d5 6. exd5 Nxd5 7. 0-0 Be7 8. c3 0-0 9. Na3 b6 10. Nc2 Bb7 11. d4 cxd4 12. Ncxd4 Nxd4 13. Nxd4 Qc8 14. c4 Nf6 15. b3 Bxg2 16. Kxg2 Qb7+ 17. Qf3 Qxf3+ 18. Kxf3 Nd7 19. Nc6 Bf6 20. Ba3 Bxa1 21. Bxf8 Ne5+ 22. Nxe5 Bxe5 23. Be7 Bd4 24. Ke4 Re8 25. Kxd4 Rxe7 26. b4 Rd7+ 27. Kc3 Kf8 28. a4 Ke7 29. a5 bxa5 30. b5 Kd8 31. Ra1 Kc7 32. Rxa5 Kb7 33. Ra2 Rd1 34. c5 g5 35. Kb4 h5 36. c6+ Kb8 37. Kc5 Rd5+ 38. Kc4 Rd1 39. Ra3 Rd2 40. Rf3 f5 41. Re3 Rxf2 42. Rxe6 Rxh2 43. Re8+ Kc7 44. Re7+ Kd6 45. Rd7+ Ke6 46. Rxa7 f4 47. gxf4 gxf4 48. b6 Kd6 49. b7 1-0

[Event "Catalunya-chT Gp1"]
[Site "Barcelona"]
[Date "2022.01.22"]
[Round "1.5"]
[White "Brusi Noguera, Ricardo Ll"]
[Black "Beltran Rueda, Santiago"]
[Result "1/2-1/2"]
[WhiteElo "2079"]
[BlackElo "2294"]
[PlyCount "90"]
[EventDate "2022.01.22"]
[EventType "team-tourn"]
[EventRounds "9"]
[EventCountry "ESP"]
[SourceTitle "CBM 206 Extra"]
[Source "ChessBase"]
[SourceDate "2022.03.31"]
[SourceVersion "1"]
[SourceVersionDate "2022.03.31"]
[SourceQuality "1"]
[WhiteTeam "Sant Cugat"]
[BlackTeam "Barcelona Escacs CC"]
[WhiteTeamCountry "ESP"]
[BlackTeamCountry "ESP"]

1. d4 Nf6 2. Nf3 e6 3. Bg5 h6 4. Bh4 d6 5. Nc3 g5 6. Bg3 Bg7 7. e4 Nh5 8. Ng1 Nxg3 9. hxg3 Nc6 10. Bb5 Bd7 11. Nge2 Qe7 12. Qd2 0-0-0 13. 0-0-0 Kb8 14. g4 a6 15. Bxc6 Bxc6 16. Ng3 Rhe8 17. Qe3 Qf8 18. Qd3 Bd7 19. f3 Bc8 20. Nce2 d5 21. e5 c5 22. Nh5 Bh8 23. Rhe1 Bd7 24. Qa3 Rc8 25. Kb1 Rc7 26. Nc1 Rec8 27. Nb3 c4 28. Qxf8 Rxf8 29. Nc1 Be8 30. Nf6 Bxf6 31. exf6 Rg8 32. Rh1 Rg6 33. Rh2 Rxf6 34. Rdh1 e5 35. dxe5 Re6 36. Rxh6 Rxe5 37. c3 Rce7 38. Kc2 Kc7 39. Kd2 Bd7 40. Rg1 f5 41. gxf5 Bxf5 42. Rhh1 d4 43. cxd4 Rd5 44. Kc3 Re3+ 45. Kxc4 Be6 1/2-1/2

[Event "Barcelona IM-B 5th"]
[Site "Barcelona"]
[Date "2021.07.12"]
[Round "9"]
[White "Martinez Ramirez, Lennis"]
[Black "Beltran Rueda, Santiago"]
[Result "1-0"]
[WhiteElo "2459"]
[BlackElo "2312"]
[PlyCount "74"]
[EventDate "2021.07.06"]
[EventType "tourn"]
[EventRounds "9"]
[EventCountry "ESP"]
[EventCategory "1"]
[SourceTitle "CBM 203 Extra"]
[Source "ChessBase"]
[SourceDate "2021.09.30"]
[SourceVersion "1"]
[SourceVersionDate "2021.09.30"]
[SourceQuality "1"]

1. Nf3 d5 2. c4 c6 3. e3 Nf6 4. Qc2 e6 5. b3 Nbd7 6. Bb2 Bd6 7. Nc3 Qe7 8. Rg1 0-0 9. g4 a6 10. g5 Nh5 11. Nh4 g6 12. f4 b5 13. Bd3 bxc4 14. bxc4 Rb8 15. Rb1 Ng7 16. cxd5 cxd5 17. Ba1 Nc5 18. Rxb8 Bxb8 19. Nf3 Bb7 20. Na4 Nxd3+ 21. Qxd3 Qb4 22. Qc3 Qxc3 23. Bxc3 Bd6 24. Be5 Nf5 25. Ke2 Bc6 26. Nc3 Bb4 27. Rb1 Bxc3 28. Bxc3 Bb5+ 29. d3 Rc8 30. Rb3 Kf8 31. Kd2 Ke8 32. Ne5 h6 33. e4 dxe4 34. dxe4 Nd6 35. gxh6 Nxe4+ 36. Ke1 Nxc3 37. h7 Ne4 1-0

[Event "Catalunya-chT Gp2"]
[Site "Barcelona"]
[Date "2020.02.08"]
[Round "4.4"]
[White "Beltran Rueda, Santiago"]
[Black "Moskalenko, Viktor"]
[Result "0-1"]
[WhiteElo "2332"]
[BlackElo "2471"]
[PlyCount "56"]
[EventDate "2020.01.18"]
[EventType "team-tourn"]
[EventRounds "7"]
[EventCountry "ESP"]
[SourceTitle "CBM 194 Extra"]
[Source "ChessBase"]
[SourceDate "2020.03.31"]
[SourceVersion "1"]
[SourceVersionDate "2020.03.31"]
[SourceQuality "1"]
[WhiteTeam "Barcelona Escacs CC"]
[BlackTeam "Barcelona Escola Escacs"]
[WhiteTeamCountry "ESP"]
[BlackTeamCountry "ESP"]

1. c4 e5 2. Nc3 Nf6 3. g3 Bb4 4. Bg2 0-0 5. Nf3 e4 6. Nd4 Re8 7. 0-0 Nc6 8. Nc2 Bxc3 9. dxc3 h6 10. Ne3 d6 11. Qc2 Ne5 12. b3 Neg4 13. h3 Nxe3 14. Bxe3 Qe7 15. Rad1 Bf5 16. Kh2 b6 17. Qc1 Bg6 18. Rfe1 Nd7 19. f4 f5 20. Rd2 h5 21. h4 Nf6 22. Bh3 Qe6 23. Bd4 e3 24. Rd3 Ng4+ 25. Bxg4 fxg4 26. Rxe3 Be4 27. f5 Qxf5 28. Rf1 Qg6 0-1

[Event "Catalunya-chT Gp2"]
[Site "Barcelona"]
[Date "2020.02.01"]
[Round "3.5"]
[White "Beltran Rueda, Santiago"]
[Black "Porras Mateo, Felipe"]
[Result "1-0"]
[WhiteElo "2332"]
[BlackElo "2354"]
[PlyCount "73"]
[EventDate "2020.01.18"]
[EventType "team-tourn"]
[EventRounds "7"]
[EventCountry "ESP"]
[SourceTitle "CBM 194 Extra"]
[Source "ChessBase"]
[SourceDate "2020.03.31"]
[SourceVersion "1"]
[SourceVersionDate "2020.03.31"]
[SourceQuality "1"]
[WhiteTeam "Barcelona Escacs CC"]
[BlackTeam "Valls"]
[WhiteTeamCountry "ESP"]
[BlackTeamCountry "ESP"]

1. c4 e5 2. Nc3 Nf6 3. g3 Nc6 4. Bg2 Bb4 5. Nd5 Bc5 6. e3 0-0 7. Ne2 Re8 8. 0-0 a5 9. a3 Bf8 10. b3 d6 11. Bb2 g6 12. d3 Bg7 13. Qd2 Nxd5 14. cxd5 Ne7 15. d4 exd4 16. Bxd4 Bxd4 17. Nxd4 Nf5 18. Rac1 Nxd4 19. Qxd4 b6 20. Rc3 Ra7 21. Rfc1 Re5 22. f4 Re8 23. e4 Bd7 24. h3 h5 25. Kh2 Bc8 26. Re3 Bd7 27. e5 dxe5 28. fxe5 Qg5 29. Rce1 Bf5 30. Bf1 Raa8 31. Bb5 Rf8 32. h4 Qe7 33. d6 Qd8 34. e6 fxe6 35. Rxe6 c5 36. Qd5 Bxe6 37. Rxe6 1-0

[Event "Sitges op 45th"]
[Site "Sitges"]
[Date "2019.07.29"]
[Round "8"]
[White "Lacasa Diaz, Jose Antonio"]
[Black "Beltran Rueda, Santiago"]
[Result "1/2-1/2"]
[WhiteElo "2391"]
[BlackElo "2326"]
[PlyCount "23"]
[EventDate "2019.07.22"]
[EventType "swiss"]
[EventRounds "9"]
[EventCountry "ESP"]
[SourceTitle "CBM 191 Extra"]
[Source "ChessBase"]
[SourceDate "2019.09.30"]
[SourceVersion "1"]
[SourceVersionDate "2019.09.30"]
[SourceQuality "1"]

1. Nf3 d5 2. b3 Bg4 3. Bb2 Bxf3 4. exf3 e6 5. g3 Nf6 6. Bg2 Bd6 7. f4 0-0 8. 0-0 Nbd7 9. d3 c6 10. Nd2 e5 11. fxe5 Bxe5 12. Bxe5 1/2-1/2

[Event "Sitges op 45th"]
[Site "Sitges"]
[Date "2019.07.28"]
[Round "7"]
[White "Beltran Rueda, Santiago"]
[Black "Volkov, Sergey"]
[Result "0-1"]
[WhiteElo "2326"]
[BlackElo "2548"]
[PlyCount "100"]
[EventDate "2019.07.22"]
[EventType "swiss"]
[EventRounds "9"]
[EventCountry "ESP"]
[SourceTitle "CBM 191 Extra"]
[Source "ChessBase"]
[SourceDate "2019.09.30"]
[SourceVersion "1"]
[SourceVersionDate "2019.09.30"]
[SourceQuality "1"]

1. c4 e5 2. g3 Nf6 3. Bg2 c6 4. Nf3 e4 5. Nd4 d5 6. cxd5 Qxd5 7. Nb3 Qh5 8. h3 a5 9. Nc3 a4 10. Nd4 Bc5 11. e3 Qxd1+ 12. Kxd1 Bxd4 13. exd4 0-0 14. Nxe4 Nxe4 15. Bxe4 Be6 16. d3 Rd8 17. Be3 Na6 18. a3 f5 19. Bf3 Nc7 20. Kd2 Nb5 21. Rae1 Kf7 22. Bh5+ g6 23. Bd1 Nxd4 24. h4 h5 25. Bxd4 Rxd4 26. f4 Rad8 27. Re3 c5 28. Rhe1 R8d6 29. Kc3 b5 30. Bc2 Kf6 31. Kd2 Bd5 32. Kc3 Bc6 33. Ra1 b4+ 34. axb4 cxb4+ 35. Kd2 Bb5 36. Rc1 Rc4 37. Bb1 Rxc1 38. Kxc1 Re6 39. Kd2 Rxe3 40. Kxe3 Bd7 41. Kd4 Be6 42. Kc5 a3 43. Kxb4 a2 44. Bxa2 Bxa2 45. b3 Ke6 46. Kc3 Bb1 47. Kd4 Kd6 48. Kc4 Bc2 49. b4 Bd1 50. Kd4 Bf3 0-1

[Event "Sitges op 45th"]
[Site "Sitges"]
[Date "2019.07.26"]
[Round "5"]
[White "Beltran Rueda, Santiago"]
[Black "Munoz Pantoja, Miguel Angel"]
[Result "1/2-1/2"]
[WhiteElo "2326"]
[BlackElo "2511"]
[PlyCount "62"]
[EventDate "2019.07.22"]
[EventType "swiss"]
[EventRounds "9"]
[EventCountry "ESP"]
[SourceTitle "CBM 191 Extra"]
[Source "ChessBase"]
[SourceDate "2019.09.30"]
[SourceVersion "1"]
[SourceVersionDate "2019.09.30"]
[SourceQuality "1"]

1. c4 c5 2. Nc3 Nc6 3. g3 g6 4. Bg2 Bg7 5. e3 e6 6. Nge2 Nge7 7. 0-0 0-0 8. a3 d5 9. cxd5 exd5 10. d4 cxd4 11. Nxd4 Be6 12. Nxe6 fxe6 13. Na4 Qd6 14. Rb1 Rac8 15. b4 b6 16. Bb2 Bxb2 17. Nxb2 Nf5 18. Nd3 Ne5 19. Nf4 Ng7 20. h4 Nc4 21. Rb3 a6 22. Qe2 Qe5 23. Rd1 Rfd8 24. e4 d4 25. Nd3 Qb5 26. e5 a5 27. a4 Qxa4 28. Rdb1 Na3 29. Qa2 Rc3 30. bxa5 Qxa5 31. Rxb6 Nc4 1/2-1/2

[Event "Sitges op 43rd"]
[Site "Sitges"]
[Date "2017.07.23"]
[Round "2"]
[White "Blasco Coll, Andreu"]
[Black "Beltran Rueda, Santiago"]
[Result "1-0"]
[WhiteElo "2144"]
[BlackElo "2362"]
[PlyCount "73"]
[EventDate "2017.07.22"]
[EventType "swiss"]
[EventRounds "9"]
[EventCountry "ESP"]
[SourceTitle "CBM 179 Extra"]
[Source "ChessBase"]
[SourceDate "2017.08.23"]
[SourceVersion "1"]
[SourceVersionDate "2017.08.23"]
[SourceQuality "1"]

1. d4 Nf6 2. c4 e6 3. Nc3 Bb4 4. e3 b6 5. Nge2 Ba6 6. a3 Bxc3+ 7. Nxc3 d5 8. Qf3 0-0 9. g4 Bb7 10. g5 Ne4 11. Nxe4 dxe4 12. Qg3 Nc6 13. h4 f5 14. Qh3 Na5 15. Bd2 Nb3 16. Rd1 Qd7 17. Bc3 Rad8 18. Be2 Qa4 19. Qg3 f4 20. exf4 Ba6 21. 0-0 Bxc4 22. Bxc4 Qxc4 23. Qe3 c5 24. dxc5 bxc5 25. Rxd8 Rxd8 26. Re1 Rf8 27. Be5 Qd3 28. Qxe4 Qh3 29. Qe3 Qg4+ 30. Qg3 Qxg3+ 31. fxg3 Rd8 32. Bc3 Kf7 33. Kf2 Nd4 34. Re5 Nb3 35. Re1 Rd3 36. Re3 Rd7 37. Bxg7 1-0

[Event "Catalunya-chT GpB final"]
[Site "Barcelona"]
[Date "2015.03.14"]
[Round "8.1"]
[White "Cuartas, Jaime Alexander"]
[Black "Beltran Rueda, Santiago"]
[Result "1/2-1/2"]
[WhiteElo "2499"]
[BlackElo "2407"]
[PlyCount "102"]
[EventDate "2015.03.14"]
[EventType "team-tourn"]
[EventRounds "11"]
[EventCountry "ESP"]
[SourceTitle "EXT 2016"]
[Source "ChessBase"]
[SourceDate "2015.10.08"]
[SourceVersion "1"]
[SourceVersionDate "2015.10.08"]
[SourceQuality "1"]
[WhiteTeam "Peona I Peo"]
[BlackTeam "Sitges"]
[WhiteTeamCountry "ESP"]
[BlackTeamCountry "ESP"]

1. e4 e5 2. Nf3 Nf6 3. d4 Nxe4 4. Bd3 d5 5. Nxe5 Nd7 6. Nxd7 Bxd7 7. 0-0 Bd6 8. Nc3 Qh4 9. g3 Nxc3 10. bxc3 Qg4 11. Re1+ Kf8 12. Qxg4 Bxg4 13. Rb1 b6 14. Bb5 Bf5 15. Bc6 Rd8 16. Re2 Bg4 17. Re1 Bf5 18. Rb2 h6 19. f3 g5 20. a4 Ba3 21. Rb5 Bxc1 22. Rxc1 Be6 23. Rb2 Ke7 24. a5 Kd6 25. Bb5 Bf5 26. Bf1 Ke7 27. Ra1 Rd6 28. axb6 axb6 29. Bb5 c5 30. Ra7+ Kf6 31. Ba6 c4 32. Bb5 h5 33. Ra1 Kg7 34. Rba2 g4 35. fxg4 hxg4 36. Rf1 Rf6 37. Rf4 Kg6 38. Ra7 Rd8 39. Ra6 Rdd6 40. Ra8 Kg7 41. Ra1 Bg6 42. Raf1 Rxf4 43. Rxf4 Bxc2 44. Rxg4+ Kf8 45. Rg5 Be4 46. Re5 Rf6 47. Bxc4 dxc4 48. Rxe4 Rf3 49. d5 Rxc3 50. d6 Rd3 51. Rxc4 Rxd6 1/2-1/2

[Event "Catalunya-chT Gp2"]
[Site "Barcelona"]
[Date "2015.02.21"]
[Round "5.1"]
[White "Guerra Mendez, Jose Angel"]
[Black "Beltran Rueda, Santiago"]
[Result "1-0"]
[WhiteElo "2523"]
[BlackElo "2407"]
[PlyCount "99"]
[EventDate "2015.01.24"]
[EventType "team-tourn"]
[EventRounds "7"]
[EventCountry "ESP"]
[SourceTitle "EXT 2016"]
[Source "ChessBase"]
[SourceDate "2015.10.08"]
[SourceVersion "1"]
[SourceVersionDate "2015.10.08"]
[SourceQuality "1"]
[WhiteTeam "Cerdanyola Valles"]
[BlackTeam "Sitges"]
[WhiteTeamCountry "ESP"]
[BlackTeamCountry "ESP"]

1. e4 c5 2. Nf3 Nc6 3. d4 cxd4 4. Nxd4 g6 5. c4 Nf6 6. Nc3 d6 7. Be2 Nxd4 8. Qxd4 Bg7 9. Bg5 h6 10. Be3 0-0 11. Qd2 Kh7 12. f3 Be6 13. Rc1 Qa5 14. b3 Rfc8 15. Nb5 Qxd2+ 16. Kxd2 a6 17. Nd4 Bd7 18. g4 Be8 19. h4 Nd7 20. Bd3 Ne5 21. Bb1 Bd7 22. Ke2 Re8 23. h5 g5 24. Nf5 Bf8 25. Rhd1 Bc6 26. Kf2 Rad8 27. Bb6 Rd7 28. a4 e6 29. Ne3 Kg8 30. Rd2 f6 31. Rcd1 Rf7 32. Kg3 Nd7 33. Bd4 Be7 34. Bc2 a5 35. Nd5 Bd8 36. Kg2 Nc5 37. Nc3 Bc7 38. Nb5 Bxb5 39. cxb5 Rc8 40. Bf2 Nd7 41. Bd3 Rd8 42. Bc4 Re7 43. Rc2 Nc5 44. Rcd2 b6 45. Bg3 Red7 46. f4 gxf4 47. Bxf4 Kg7 48. Kf3 Nxe4 49. Kxe4 d5+ 50. Kf3 1-0

[Event "Catalunya-chT Gp2"]
[Site "Barcelona"]
[Date "2015.02.14"]
[Round "4.1"]
[White "Beltran Rueda, Santiago"]
[Black "Movsziszian, Karen"]
[Result "0-1"]
[WhiteElo "2407"]
[BlackElo "2479"]
[PlyCount "128"]
[EventDate "2015.01.24"]
[EventType "team-tourn"]
[EventRounds "7"]
[EventCountry "ESP"]
[SourceTitle "CBM 164 Extra"]
[Source "ChessBase"]
[SourceDate "2015.03.02"]
[SourceVersion "1"]
[SourceVersionDate "2015.03.02"]
[SourceQuality "1"]
[WhiteTeam "Sitges"]
[BlackTeam "Sant Andreu"]
[WhiteTeamCountry "ESP"]
[BlackTeamCountry "ESP"]

1. c4 d6 2. d4 g6 3. Nc3 Bg7 4. Nf3 Nd7 5. e4 e5 6. Be2 Ngf6 7. 0-0 0-0 8. Re1 Re8 9. d5 Nc5 10. Bf1 a5 11. b3 Ng4 12. h3 Nh6 13. Be3 f5 14. Nd2 f4 15. Bxc5 dxc5 16. Be2 Bf8 17. Na4 b6 18. Nb2 Bd6 19. Nd3 Qe7 20. a4 Kh8 21. Qc2 Bd7 22. Qc3 Qg7 23. Kh1 Re7 24. Nf1 Nf7 25. Bg4 Bxg4 26. hxg4 f3 27. gxf3 Ng5 28. Nh2 Qh6 29. Re3 Kg8 30. Rg1 Rf8 31. Rg3 Qg7 32. Re1 h6 33. Kg2 Ref7 34. Rh1 Qf6 35. Kf1 Rg7 36. Ke2 Kf7 37. Nf1 Ke8 38. Nd2 Rh7 39. Kd1 Kd8 40. Kc2 Qe7 41. Qa1 Nf7 42. Rgh3 Rfh8 43. Re1 h5 44. gxh5 Rxh5 45. Rg3 R8h6 46. Reg1 Ng5 47. Rg4 Nh3 48. Rxg6 Rxg6 49. Rxg6 Qf7 50. Re6 Kc8 51. Qf1 Kb7 52. Qg2 Ng5 53. Nxe5 Qg7 54. Rxd6 cxd6 55. Qg4 Rh7 56. Nc6 Qf6 57. f4 Nh3 58. e5 Qg7 59. Qf5 Nxf2 60. e6 Ng4 61. e7 Ne3+ 62. Kd3 Nxf5 63. e8Q Rh3+ 64. Kc2 Ne3+ 0-1

[Event "Catalunya-chT Gp2"]
[Site "Barcelona"]
[Date "2015.01.24"]
[Round "1.1"]
[White "Rizouk, Aimen"]
[Black "Beltran Rueda, Santiago"]
[Result "1-0"]
[WhiteElo "2524"]
[BlackElo "2407"]
[PlyCount "65"]
[EventDate "2015.01.24"]
[EventType "team-tourn"]
[EventRounds "7"]
[EventCountry "ESP"]
[SourceTitle "CBM 164 Extra"]
[Source "ChessBase"]
[SourceDate "2015.03.02"]
[SourceVersion "1"]
[SourceVersionDate "2015.03.02"]
[SourceQuality "1"]
[WhiteTeam "Barbera"]
[BlackTeam "Sitges"]
[WhiteTeamCountry "ESP"]
[BlackTeamCountry "ESP"]

1. e4 c5 2. Nf3 e6 3. d4 cxd4 4. Nxd4 a6 5. c4 Nf6 6. Nc3 Bb4 7. Bd3 Nc6 8. Nc2 Be7 9. Be3 d6 10. 0-0 b6 11. Be2 Bb7 12. Qd2 0-0 13. Rfd1 Ne5 14. f3 Rc8 15. b3 Qc7 16. Na4 Ned7 17. Rac1 Rfd8 18. Nd4 Qb8 19. Kh1 Ba8 20. Bf1 Bf8 21. b4 Nc5 22. bxc5 dxc5 23. Rb1 cxd4 24. Nxb6 Rc6 25. Bxd4 Bb7 26. Qb2 Be7 27. Na4 Rd7 28. Be5 Qd8 29. Rxd7 Nxd7 30. Bxg7 Rc7 31. Bd4 Bc6 32. Nc3 Nc5 33. Qb8 1-0

[Event "Sitges op 39th"]
[Site "Sitges"]
[Date "2013.07.27"]
[Round "6"]
[White "Beltran Rueda, Santiago"]
[Black "Montilla Carrillo, Esteban"]
[Result "0-1"]
[WhiteElo "2420"]
[BlackElo "2261"]
[PlyCount "41"]
[EventDate "2013.07.22"]
[EventType "swiss"]
[EventRounds "9"]
[EventCountry "ESP"]
[SourceTitle "CBM 155 Extra"]
[Source "ChessBase"]
[SourceDate "2013.08.26"]
[SourceVersion "1"]
[SourceVersionDate "2013.08.26"]
[SourceQuality "1"]

1. c4 e5 2. Nc3 Nc6 3. g3 g6 4. Bg2 Bg7 5. e3 d6 6. Nge2 f5 7. d3 Nf6 8. Rb1 0-0 9. b4 Rb8 10. b5 Ne7 11. 0-0 g5 12. Qa4 Ra8 13. Qc2 Qe8 14. a4 Qh5 15. f4 h6 16. Qd2 Rb8 17. Ba3 Re8 18. Rbc1 b6 19. Nd5 Nexd5 20. cxd5 exf4 21. exf4 0-1